Wersje Kreskówkowe Stanów USA - Statystyki

Ogólne statystyki
  • Ten quiz został rozwiązany 73 razy
  • Średni wynik to 6 z 12
Statystyki odpowiedzi
Obrazkowy Odpowiedź % Poprawnych
Idaho
75%
Luizjana
68%
Kentucky
63%
Utah
63%
New Jersey
55%
Massachusetts
52%
Wyoming
52%
New Hampshire
47%
Minnesota
43%
Iowa
33%
Pensylwania
32%
Karolina Południowa
28%
Nie znaleziono quizów pasujących do podanych kryteriów
Rozkład punktacji
Procent ludzi z każdym wynikiem
Percentyl według liczby udzielonych odpowiedzi
Twoja historia wyników
Nie rozwiązałeś tego quizu